Регионална библиотека "Любен Каравелов" - Русе

Мия си зъбите сам (Запис номер 346448)

MARC детайли
000 -Лидер
Контролно поле с фиксирана дължина 01384nam a2200277 a 4500
003 - Код на организацията, давaща контролен номер
Контролно поле BLK
005 - Дата и час на последна редакция
Контролно поле 20250725164857.0
008 - Елементи от данни с фиксирана дължина
fixed length control field 191113b bu |||||r|||| 00| 0 bu d
020 ## - Международен стандартен номер на книга ISBN
Международен стандартен номер на книга ISBN 9789544748173
040 ## - Източник на каталожния запис
Идентификатор на билиотеката - собственик на записа BLK
041 ## - Код за език
Код за езика на текст/звукозапис или на отделно заглавие Български
Код за езика КДБФ Български
080 ## - УДК
Текстов определител УДК Издания за деца и юноши. Книжки-картинки. Читанки. Вж и 372.4
УДК код - определител по УДК 087.5
УДК - код + определител 087.5
100 ## - Редна дума - Автор
Автор Йохансон, Сара Маргарет
Авторска отговорност първи автор
R(LIN) 1299
139 ## - Редно поле
Редна дума Йохансон, Сара Маргарет
Авторски знак Иот - И 85
245 ## - Сведения за заглавието
Заглавие Мия си зъбите сам
Редно поле (дума) Сара Маргарет Йохансон ; ил. Пиер Бриньо, Марсел Депрато ; прев. от англ. Ирина Манушева
260 ## - Област на издателските данни
9 (RLIN) 209528
Място на издаване, разпространение и проч. София
Име на издателя, разпространителя и проч. Кибеа
Година на издаване 2018
Печатница Китай
300 ## - Физическа характеристика
Страници [24] с.
Илюстрации и др. с цв. ил.
Размери/Мащаб 19 см
380 ## - Жанр
Жанр Детска отраслова лит.
500 ## - Общи забележки
Забележка Прев. по: I can brush my teeth / Sarah Margaret Johanson. - Кн. от поредицата Каю. - Кн. отпеч. на ламиниран картон
700 ## - Други автори (авторска отговорност)
9 (RLIN) 396462
Лично име Бриньо, Пиер
Автороска отговорност (Описва отношението между автора и произведението) илюстрации
700 ## - Други автори (авторска отговорност)
9 (RLIN) 396462
Лично име Депрато, Марсел
Автороска отговорност (Описва отношението между автора и произведението) илюстрации
700 ## - Други автори (авторска отговорност)
Лично име Манушева, Ирина Борисова
9 (RLIN) 368041
852 ## - Местоположение
Форматна сигнатура Цб I 38269
999 ## - СИСТЕМНИ КОНТРОЛНИ НОМЕРА
Koha biblionumber 346448
Koha biblioitemnumber 346448
942 ## - АРТИКУЛИ
Вид на библиотечния материал Книги
Скрит в OPAC Не
Периодичен библиозапис Да
Koha issues (borrowed), all copies 42
944 ## - СЪЗДАВАНЕ И РЕДАКЦИЯ на ЗАПИСА
Създаване/Редакция Създаване
Дата на регистрацията/редакция 2019-11-13
Служител, извършил регистрацията/редакцията 30531
Статус, дата на статуса Цветелина Шанова
Наличности
Код за отписване Код за изгубен артикул Източник на класификационната схема Код за повреда Коз за рестрикции Код за отдаване Артикулен № Име на библиотеката - собственик Име на библиотеката, в която се намира в момента Статус (Текущо местоположение) Дата на вписване в системата Местоположение - отдел Цена в лева Систематично азбучна сигнатура Баркод Цена в евро Служебен тип на артикула Инвентарен номер
  Не е изгубен Universal Decimal Classification Не е повреден само за читалня ползва се в читалня 749175 Регионална библиотека "Любен Каравелов" Русе Регионална библиотека "Любен Каравелов" Русе Хранилище 2019-11-14 Хранилище 7.00 Цб 296430 120000837467 3.58 Книги  
  Не е изгубен Universal Decimal Classification Не е повреден   заемане за дома 933634 Регионална библиотека "Любен Каравелов" Русе Регионална библиотека "Любен Каравелов" Русе Детски отдел 2023-09-15 Детски отдел 12.00 087.5/И 85 С 120000892756 6.14 Книги 120000892756
  Не е изгубен Universal Decimal Classification Не е повреден   заемане за дома 933635 Регионална библиотека "Любен Каравелов" Русе Регионална библиотека "Любен Каравелов" Русе Детски отдел 2023-09-15 Детски отдел 12.00 087.5/И 85 С 120000892755 6.14 Книги 120000892755
  Не е изгубен Universal Decimal Classification Не е повреден   заемане за дома 933636 Регионална библиотека "Любен Каравелов" Русе Регионална библиотека "Любен Каравелов" Русе Детски отдел 2023-09-15 Детски отдел 12.00 087.5/И 85 С 120000892753 6.14 Книги 120000892753
  Не е изгубен Universal Decimal Classification Не е повреден   заемане за дома 933637 Регионална библиотека "Любен Каравелов" Русе Регионална библиотека "Любен Каравелов" Русе Детски отдел 2023-09-15 Детски отдел 12.00 087.5/И 85 С 120000892754 6.14 Книги 120000892754
Vip Innovations Ltd, Rousse, Bulgaria 2025